<?xml version="1.0" encoding="UTF-8"?>
<marc:record xmlns:marc="http://www.loc.gov/MARC21/slim">
   <marc:leader>00000nam a2200000 a 4500</marc:leader>
   <marc:datafield ind1="1" ind2=" " tag="100">
      <marc:subfield code="a">Cantet, Laurent [Regie]</marc:subfield>
      <marc:subfield code="4">aut</marc:subfield>
      <marc:subfield code="e">Verfasser/-in</marc:subfield>
   </marc:datafield>
   <marc:datafield ind1="0" ind2="0" tag="245">
      <marc:subfield code="a">Die Klasse [Bildtonträger]</marc:subfield>
   </marc:datafield>
   <marc:datafield ind1=" " ind2="1" tag="264">
      <marc:subfield code="a">München</marc:subfield>
      <marc:subfield code="b">Concorde</marc:subfield>
      <marc:subfield code="c">2009</marc:subfield>
   </marc:datafield>
   <marc:datafield ind1="1" ind2=" " tag="520">
      <marc:subfield code="a">Im Mittelpunkt des Films steht Francois, ein junger und ambitionierter Lehrer an Vorortschule in Paris. In diesem sozialen Brennpunkt stammen die meisten seiner Schüler aus Einwandererfamilien. Während einiger seiner Kollegen schon lange aufgegeben haben versucht Francois mit enormen Engagement, den Schülern wenigstens ein Minimum an Wissen und sozialen Werten beizubringen. Francois stellt sich ihren Wortgefechten mit viel Geduld. Obwohl die Schüler ihn provozieren und aus der Fassung bringen wollen kämpft er unermüdlich gegen die Aggressivität und Leistungsverweigerung der Jugendlichen.</marc:subfield>
   </marc:datafield>
   <marc:datafield ind1=" " ind2=" " tag="041">
      <marc:subfield code="a">ger</marc:subfield>
   </marc:datafield>
   <marc:datafield ind1=" " ind2=" " tag="300">
      <marc:subfield code="a">124' : 1 DVD</marc:subfield>
   </marc:datafield>
</marc:record>
